[Event "TCh-RUS Premier 2021"]
[Site "Sochi RUS"]
[Date "2021.05.01"]
[Round "1.4"]
[Board "6"]
[White "Yuffa, Daniil"]
[Black "Faizrakhmanov, Ramil"]
[Result "0-1"]
[WhiteTitle "GM"]
[BlackTitle "IM"]
[WhiteElo "2587"]
[BlackElo "2487"]
[WhiteTeam "Wildberries Youth - Tyumen region"]
[BlackTeam "Ladya (Republic of Tatarstan)"]
[WhiteFideId "24131423"]
[BlackFideId "24103209"]
[EventDate "2021.05.01"]

1. d4 Nf6 2. c4 e6 3. Nf3 d5 4. Bg5 dxc4 5. e4 c5 6. Nc3 cxd4 7. Nxd4 Be7 8.
Bxc4 O-O 9. O-O a6 10. a4 b6 11. e5 Nfd7 12. Bf4 Bc5 13. b4 Bxb4 14. Ne4 Be7 15.
Qg4 Bb7 16. Bh6 g6 17. Nxe6 fxe6 18. Bxe6+ Kh8 19. Rad1 Bxe4 20. Qxe4 Ra7 21.
Ba2 Qe8 22. Bxf8 Qxf8 23. f4 Nc5 24. Qc2 Nc6 25. f5 Nb4 26. Qc4 Nxa2 27. f6 Nxa4
28. fxe7 Qxe7 29. Kh1 N2c3 30. Rd6 Rc7 31. Qd4 Nb5 32. Rd8+ Kg7 33. Qd5 Qg5 34.
Qg8+ Kh6 35. Qf8+ Rg7 36. e6 Nc5 37. Re8 Nc7 38. Rb8 N5xe6 39. Qf2 b5 40. h4 Qe5
41. Qf3 Nd4 42. Qg4 Nce6 43. Re8 Rc7 44. Rd1 Rc3 0-1

[Event "TCh-RUS Premier 2021"]
[Site "Sochi RUS"]
[Date "2021.05.02"]
[Round "2.3"]
[Board "1"]
[White "Shubin, Kirill"]
[Black "Matlakov, Maxim"]
[Result "1/2-1/2"]
[WhiteTitle "IM"]
[BlackTitle "GM"]
[WhiteElo "2481"]
[BlackElo "2688"]
[WhiteTeam "SSHOR in chess and checkers - St Pet."]
[BlackTeam "The Bronze Horseman (St. Petersburg)"]
[WhiteFideId "34119962"]
[BlackFideId "4168003"]
[EventDate "2021.05.01"]

1. e4 c5 2. Nf3 d6 3. Bb5+ Nd7 4. Ba4 Nf6 5. O-O e6 6. d3 Be7 7. c4 O-O 8. Nc3
Qc7 9. Qe2 a6 10. h3 b6 11. Nh2 Bb7 12. f4 Bc6 13. Bxc6 Qxc6 14. a4 Ne8 15. f5
Bf6 16. Bd2 Bd4+ 17. Kh1 Ne5 18. Rf4 Nf6 19. g4 Nfd7 20. Raf1 Bxc3 21. Bxc3 b5
22. f6 Nxf6 23. g5 Nfd7 24. Qh5 f6 25. Bxe5 Nxe5 26. Rh4 h6 27. gxf6 Qe8 28. Qe2
bxc4 29. dxc4 Rxf6 30. Rxf6 gxf6 31. Rf4 Ra7 32. Rxf6 Kg7 33. Rf1 Kh7 34. Ng4
Nxg4 35. hxg4 Qg6 36. Rf2 Rg7 37. Rg2 Rf7 38. e5 dxe5 39. Qxe5 Qg5 40. Qxg5 hxg5
41. Re2 Rf4 1/2-1/2

[Event "TCh-RUS Premier 2021"]
[Site "Sochi RUS"]
[Date "2021.05.03"]
[Round "3.1"]
[Board "3"]
[White "Alekseenko, Kirill"]
[Black "Sjugirov, Sanan"]
[Result "1-0"]
[WhiteTitle "GM"]
[BlackTitle "GM"]
[WhiteElo "2699"]
[BlackElo "2663"]
[WhiteTeam "The Bronze Horseman (St. Petersburg)"]
[BlackTeam "Moscow Chess Team (Moscow)"]
[WhiteFideId "4135539"]
[BlackFideId "4189302"]
[EventDate "2021.05.01"]

1. e4 c6 2. d4 d5 3. e5 Bf5 4. Nd2 e6 5. Nb3 c5 6. Bb5+ Nc6 7. dxc5 Bxc5 8.
Bxc6+ bxc6 9. Nxc5 Qa5+ 10. c3 Qxc5 11. Ne2 Ne7 12. O-O a5 13. Be3 Qb5 14. a4
Qxb2 15. Bc5 Qc2 16. Qxc2 Bxc2 17. Nd4 Bg6 18. Ra2 Nf5 19. Rb2 Nxd4 20. cxd4 Kd7
21. Bd6 Ra7 22. Rc1 Rd8 23. h4 Bd3 24. Bc5 Rc7 25. Rc3 Bc4 26. Rg3 g6 27. Rf3
Ke8 28. h5 gxh5 29. Rg3 Kd7 30. Rg7 Kc8 31. Bd6 Rb7 32. Rxb7 Kxb7 33. Rxf7+ Ka8
34. Re7 Bb3 35. Rxe6 Bxa4 36. Rf6 Kb7 37. Rf7+ Ka6 38. f4 Bc2 39. f5 Be4 40. e6 1-0

[Event "TCh-RUS Premier 2021"]
[Site "Sochi RUS"]
[Date "2021.05.03"]
[Round "3.2"]
[Board "3"]
[White "Tregubov, Pavel V."]
[Black "Pershin, Denis"]
[Result "1-0"]
[WhiteTitle "GM"]
[BlackTitle "IM"]
[WhiteElo "2560"]
[BlackElo "2391"]
[WhiteTeam "Gogolevsky, 14 (Moscow)"]
[BlackTeam "SSHOR in chess and checkers - St Pet."]
[WhiteFideId "4115341"]
[BlackFideId "24165506"]
[EventDate "2021.05.01"]

1. e4 c6 2. Nf3 d5 3. Nc3 Bg4 4. h3 Bxf3 5. Qxf3 e6 6. g3 Nf6 7. Bg2 Bc5 8. O-O
O-O 9. Rd1 Bd4 10. d3 Nbd7 11. Qf4 Qb6 12. exd5 Be5 13. Qh4 cxd5 14. Ne2 Rfc8
15. c3 Bd6 16. d4 h6 17. g4 Qc7 18. f3 b5 19. Bd2 a5 20. Qe1 Qb8 21. Rdc1 Nb6
22. b3 Ra7 23. Bf1 Nh7 24. Kg2 Qc7 25. Ng3 Qd7 26. Bd3 Rac7 27. f4 b4 28. cxb4
Rxc1 29. Rxc1 Rxc1 30. Qxc1 axb4 31. Nh5 Nf8 32. f5 exf5 33. gxf5 Nh7 34. Qd1 f6
35. h4 Qa7 36. Qg4 Bf8 37. Bb1 Qa3 38. Qd1 Qb2 39. Nf4 Qxd4 40. Qe1 Qe5 41. Qe3
d4 42. Qf3 Bc5 43. Qc6 Nf8 44. Kf3 Nfd7 45. Qe6+ Kh7 46. Qxe5 fxe5 47. Ne6 Nd5
48. f6+ Kg8 49. fxg7 h5 50. Bd3 Be7 51. Bc4 N5b6 52. Ke4 Kf7 53. Be2 Bxh4 54.
Bxh5+ Kg8 55. Bg6 Be7 56. Bh6 Bf6 57. Bf5 Be7 58. Nf8 Nxf8 59. gxf8=Q+ Bxf8 60.
Be6+ 1-0

[Event "TCh-RUS Premier 2021"]
[Site "Sochi RUS"]
[Date "2021.05.03"]
[Round "3.2"]
[Board "6"]
[White "Timerkhanov, Alexander"]
[Black "Gluhovsky, Mark"]
[Result "1/2-1/2"]
[WhiteTitle "FM"]
[WhiteElo "2403"]
[BlackElo "2271"]
[WhiteTeam "SSHOR in chess and checkers - St Pet."]
[BlackTeam "Gogolevsky, 14 (Moscow)"]
[WhiteFideId "24177938"]
[BlackFideId "24165514"]
[EventDate "2021.05.01"]

1. d4 Nf6 2. Bg5 g6 3. Bxf6 exf6 4. e3 d5 5. g3 c6 6. Bg2 h5 7. h4 Bg4 8. Ne2
Nd7 9. Nd2 Nb6 10. b3 Bd6 11. f3 Be6 12. Kf2 Qc7 13. a4 a5 14. Rc1 Ba3 15. Rb1
Bd6 16. Bh3 Qd7 17. Qf1 O-O 18. Qg2 Bxh3 19. Qxh3 f5 20. Rbg1 Rae8 21. Nf1 Qe6
22. g4 hxg4 23. fxg4 f4 24. Qf3 fxe3+ 25. Nxe3 Qe4 26. Rh3 c5 27. c3 c4 28. Qxe4
Rxe4 29. bxc4 Nxc4 30. Nxd5 Kg7 31. h5 Rfe8 32. Nc1 Bf4 33. h6+ Kh8 34. Nf6 Re3
35. Rf3 Rxf3+ 36. Kxf3 Re6 37. Ne4 Be3 38. Re1 f5 39. Nc5 Re7 40. N1d3 b6 41.
Nb3 fxg4+ 42. Kxg4 Kh7 43. Na1 Rf7 44. Ne5 Nxe5+ 45. dxe5 Bd2 46. Re4 Bxc3 47.
e6 Re7 48. Nc2 Bd2 49. Rd4 Bxh6 50. Rd7 Bf8 51. Nd4 Rxd7 52. exd7 Be7 53. Nc6
Bf6 54. d8=Q Bxd8 55. Nxd8 Kg7 56. Kg5 Kf8 57. Nc6 Kf7 58. Nd4 Ke7 59. Nb5 Ke6 1/2-1/2

[Event "TCh-RUS Premier 2021"]
[Site "Sochi RUS"]
[Date "2021.05.04"]
[Round "4.3"]
[Board "5"]
[White "Grachev, Boris"]
[Black "Savchenko, Boris"]
[Result "1/2-1/2"]
[WhiteTitle "GM"]
[BlackTitle "GM"]
[WhiteElo "2619"]
[BlackElo "2538"]
[WhiteTeam "Moscow Chess Team (Moscow)"]
[BlackTeam "Gogolevsky, 14 (Moscow)"]
[WhiteFideId "4129199"]
[BlackFideId "4147332"]
[EventDate "2021.05.01"]

1. d4 e6 2. Nf3 c5 3. e3 Nf6 4. c4 d5 5. Nc3 a6 6. cxd5 exd5 7. Be2 c4 8. Ne5 b5
9. O-O Bb7 10. Bf3 Bd6 11. b3 b4 12. Na4 c3 13. a3 a5 14. Nc5 Qc7 15. Ned3 Na6
16. axb4 axb4 17. Nxb7 Qxb7 18. Nf4 Bb8 19. Qc2 O-O 20. Qf5 Nc7 21. Rxa8 Qxa8
22. g4 Rd8 23. g5 Nfe8 24. h4 g6 25. Qg4 Nb5 26. Nxd5 Rxd5 27. Bxd5 Qxd5 28. Qc8
Nd6 29. Qxb8 Qf3 30. Qxb4 Qg4+ 31. Kh2 Qxh4+ 32. Kg1 Qxg5+ 33. Kh2 Qh4+ 34. Kg1
Qg4+ 35. Kh2 Qe2 36. Kg1 Qg4+ 37. Kh2 Qh4+ 38. Kg1 h5 39. Ba3 Qg4+ 40. Kh2 Qh4+
41. Kg1 Kh7 42. Qb8 Qg4+ 43. Kh2 Qe2 44. Kg1 Ne4 45. Qxe8 Ng5 46. f4 Nh3+ 47.
Kh1 Qxf1+ 48. Kh2 Ng5 49. fxg5 Qe2+ 50. Kg1 Qe1+ 51. Kg2 Qe2+ 52. Kg1 Qg4+ 53.
Kf2 Qf5+ 54. Ke2 Qc2+ 55. Kf3 Qxb3 56. Qf8 Qd1+ 57. Ke4 1/2-1/2

[Event "TCh-RUS Premier 2021"]
[Site "Sochi RUS"]
[Date "2021.05.04"]
[Round "4.4"]
[Board "5"]
[White "Rublevsky, Sergei"]
[Black "Fedoseev, Vladimir3"]
[Result "0-1"]
[WhiteTitle "GM"]
[BlackTitle "GM"]
[WhiteElo "2642"]
[BlackElo "2687"]
[WhiteTeam "KPRF (Moscow)"]
[BlackTeam "The Bronze Horseman (St. Petersburg)"]
[WhiteFideId "4115309"]
[BlackFideId "24130737"]
[EventDate "2021.05.01"]

1. e4 c5 2. Nc3 d6 3. Nge2 Nf6 4. g3 g6 5. Bg2 Bg7 6. O-O Nc6 7. d3 O-O 8. Bg5
h6 9. Be3 Rb8 10. h3 b5 11. Qd2 Kh7 12. a3 a5 13. d4 Nd7 14. Rfd1 b4 15. Na4 Ba6
16. dxc5 Bb5 17. axb4 axb4 18. cxd6 exd6 19. Nd4 Nxd4 20. Bxd4 Bxd4 21. Qxd4 Qc7
22. c3 b3 23. Ra3 Ne5 24. c4 Nxc4 25. Rc1 Qd7 26. Rxc4 Bxc4 27. Qxc4 Rfc8 28.
Qd4 Rc1+ 29. Kh2 Qc7 30. Qe3 Rc2 31. Ra1 Qa5 32. Qf4 Kg7 33. Qxd6 Rd8 34. Qa3
Rd3 35. Qe7 Rdd2 36. Nc3 Qxa1 37. Qe5+ Kh7 38. Nd5 Rxd5 39. Qxd5 Rxf2 40. Qxb3
Qf1 0-1

[Event "TCh-RUS Premier 2021"]
[Site "Sochi RUS"]
[Date "2021.05.05"]
[Round "5.1"]
[Board "6"]
[White "Sychev, Klementy"]
[Black "Savchenko, Boris"]
[Result "1/2-1/2"]
[WhiteTitle "GM"]
[BlackTitle "GM"]
[WhiteElo "2558"]
[BlackElo "2538"]
[WhiteTeam "KPRF (Moscow)"]
[BlackTeam "Gogolevsky, 14 (Moscow)"]
[WhiteFideId "4114060"]
[BlackFideId "4147332"]
[EventDate "2021.05.01"]

1. e4 c5 2. Nf3 d6 3. d4 cxd4 4. Nxd4 Nf6 5. Nc3 a6 6. Bg5 Nbd7 7. Bc4 Qb6 8.
Qd2 Qxb2 9. O-O Qb4 10. Bb3 e6 11. Rad1 Qa5 12. Rfe1 Be7 13. Nd5 Bd8 14. Qc1
exd5 15. exd5+ Ne5 16. f4 Ng4 17. fxe5 Nxe5 18. Bxd8 Qxd8 19. Nf3 f6 20. Nxe5
fxe5 21. Rf1 Bg4 22. Rde1 Rf8 23. Qe3 Qd7 24. Qb6 Rc8 25. h3 Bf5 26. Ba4 Qxa4
27. Qxd6 Qd4+ 28. Kh1 g6 29. Rxe5+ Kf7 30. g4 Qc3 31. gxf5 Qxh3+ 32. Kg1 Qg3+
33. Kh1 Qh3+ 34. Kg1 Qg3+ 35. Kh1 Kg8 36. f6 Qh3+ 37. Kg1 Qg3+ 38. Kh1 Qh4+ 39.
Kg1 Qg4+ 40. Kh1 Qh4+ 41. Kg1 1/2-1/2

[Event "TCh-RUS Premier 2021"]
[Site "Sochi RUS"]
[Date "2021.05.07"]
[Round "6.2"]
[Board "5"]
[White "Najer, Evgeniy"]
[Black "Antipov, Mikhail Al."]
[Result "1-0"]
[WhiteTitle "GM"]
[BlackTitle "GM"]
[WhiteElo "2648"]
[BlackElo "2609"]
[WhiteTeam "Moscow Chess Team (Moscow)"]
[BlackTeam "Wildberries Youth - Tyumen region"]
[WhiteFideId "4118987"]
[BlackFideId "4107012"]
[EventDate "2021.05.01"]

1. e4 e5 2. Nf3 Nc6 3. Bb5 Nf6 4. d3 Ne7 5. Bc4 c6 6. Nc3 d6 7. d4 exd4 8. Qxd4
Ng6 9. e5 Qe7 10. Bf4 Nxf4 11. Qxf4 d5 12. O-O-O Nh5 13. Qe3 Qc5 14. Rd4 Be7 15.
Bxd5 cxd5 16. g4 Bxg4 17. Rxg4 Qxe3+ 18. fxe3 f5 19. Ra4 Rd8 20. Rd1 f4 21. exf4
Bc5 22. Nxd5 Rf8 23. Rc4 Nxf4 24. Rxc5 b6 25. Rc6 Rxd5 26. Rxd5 Nxd5 27. Rc8+
Ke7 28. Rxf8 Kxf8 29. Kd2 Kf7 30. c4 Nc7 31. Ke3 h6 32. Nd4 g5 33. Ke4 Kg6 34.
Nc6 g4 35. Nxa7 Kg5 36. Nb5 Ne6 37. b4 h5 38. Nd4 Nc7 39. a4 Kh4 40. b5 Kh3 41.
a5 1-0

[Event "TCh-RUS Premier 2021"]
[Site "Sochi RUS"]
[Date "2021.05.07"]
[Round "6.4"]
[Board "1"]
[White "Vitiugov, Nikita"]
[Black "Motylev, Alexander"]
[Result "1-0"]
[WhiteTitle "GM"]
[BlackTitle "GM"]
[WhiteElo "2715"]
[BlackElo "2641"]
[WhiteTeam "The Bronze Horseman (St. Petersburg)"]
[BlackTeam "Gogolevsky, 14 (Moscow)"]
[WhiteFideId "4152956"]
[BlackFideId "4121830"]
[EventDate "2021.05.01"]

1. e4 e5 2. Bc4 Nf6 3. Nc3 Nxe4 4. Qh5 Nd6 5. Bb3 Be7 6. Qxe5 O-O 7. Nf3 c6 8.
d4 Ne8 9. d5 d6 10. Qf4 Nd7 11. O-O Nc5 12. Be3 Nxb3 13. axb3 c5 14. b4 h6 15.
Rfd1 b6 16. bxc5 bxc5 17. Nd2 f5 18. Qc4 Kh8 19. Nb3 a5 20. Bd2 Bd7 21. Ra3 Bf6
22. Rda1 Bxc3 23. Bxc3 a4 24. Nd2 Nc7 25. Qf4 Kh7 26. Qxd6 Nb5 27. Qg3 Rf7 28.
R3a2 Nc7 29. d6 Nb5 30. Be5 Nd4 31. Bxd4 cxd4 32. Qe5 Rc8 33. b3 Qf6 34. Qxf6
Rxf6 35. bxa4 Rxd6 36. Nf3 Bc6 37. a5 Bxf3 38. gxf3 Ra6 39. Kf1 Rc3 40. Ke2 f4
41. Rd1 Rc4 42. Kd3 Rc5 43. Rda1 Rd5 44. Ke4 Rd8 45. Ra4 Re6+ 46. Kd3 Red6 47.
Rc4 Rd5 48. a6 R5d7 49. Raa4 1-0

[Event "TCh-RUS Premier 2021"]
[Site "Sochi RUS"]
[Date "2021.05.07"]
[Round "6.4"]
[Board "3"]
[White "Esipenko, Andrey"]
[Black "Kobalia, Mikhail"]
[Result "1-0"]
[WhiteTitle "GM"]
[BlackTitle "GM"]
[WhiteElo "2701"]
[BlackElo "2587"]
[WhiteTeam "The Bronze Horseman (St. Petersburg)"]
[BlackTeam "Gogolevsky, 14 (Moscow)"]
[WhiteFideId "24175439"]
[BlackFideId "4119150"]
[EventDate "2021.05.01"]

1. d4 Nf6 2. c4 e6 3. Nf3 d5 4. g3 Bb4+ 5. Nc3 dxc4 6. Bg2 Nc6 7. O-O O-O 8. a3
Be7 9. e4 Rb8 10. Be3 b5 11. Qe2 Na5 12. Rad1 Bb7 13. Ne5 Qc8 14. g4 b4 15. axb4
Bxb4 16. g5 Nd7 17. Ng4 f5 18. gxf6 Nxf6 19. Nxf6+ Rxf6 20. Bg5 Rf7 21. d5 e5
22. f4 h6 23. fxe5 Rxf1+ 24. Rxf1 hxg5 25. e6 Qd8 26. Qh5 Qe7 27. Rf7 Qc5+ 28.
Kh1 Bxc3 29. Rf3 Be1 30. Qf7+ Kh8 31. e7 Qd6 32. e8=Q+ 1-0

[Event "TCh-RUS Premier 2021"]
[Site "Sochi RUS"]
[Date "2021.05.07"]
[Round "6.4"]
[Board "4"]
[White "Murzin, Volodar"]
[Black "Fedoseev, Vladimir3"]
[Result "0-1"]
[WhiteTitle "IM"]
[BlackTitle "GM"]
[WhiteElo "2478"]
[BlackElo "2687"]
[WhiteTeam "Gogolevsky, 14 (Moscow)"]
[BlackTeam "The Bronze Horseman (St. Petersburg)"]
[WhiteFideId "44155573"]
[BlackFideId "24130737"]
[EventDate "2021.05.01"]

1. e4 c5 2. Nf3 d6 3. d4 cxd4 4. Qxd4 Nc6 5. Qe3 g6 6. Be2 Bg7 7. O-O Nh6 8. h3
O-O 9. Rd1 Bd7 10. c4 b6 11. Bd2 f6 12. Nc3 Rc8 13. Nd5 Nf7 14. Bc3 e6 15. Nb4
Ne7 16. Nd4 Bh6 17. Qg3 a5 18. Nbc2 e5 19. Nb5 Bxb5 20. cxb5 d5 21. exd5 Nf5 22.
Qd3 N5d6 23. Bd2 Bxd2 24. Qxd2 Ne4 25. Qd3 Nfd6 26. Ne1 f5 27. Nf3 Re8 28. Rac1
Nc5 29. Qd2 f4 30. Bf1 Qf6 31. Re1 Kg7 32. Qc3 Nde4 33. Qc2 h6 34. b3 Nd6 35.
Qb2 e4 36. Qxf6+ Kxf6 37. Nd4 Re5 38. Red1 e3 39. fxe3 Rxe3 40. Nc6 Nce4 41. Rd4
g5 42. Rd3 Nf5 43. a4 h5 44. b4 axb4 45. a5 bxa5 46. b6 Nfd6 47. Rxe3 fxe3 48.
Ba6 Re8 49. Nxa5 Ra8 50. Rc6 Rxa6 51. b7 e2 52. Rxa6 e1=Q+ 53. Kh2 Qg3+ 54. Kg1
Nd2 55. Kh1 Qe1+ 56. Kh2 Nf1+ 57. Kg1 Ng3+ 58. Kh2 h4 0-1

[Event "TCh-RUS Premier 2021"]
[Site "Sochi RUS"]
[Date "2021.05.07"]
[Round "6.4"]
[Board "6"]
[White "Demidov, Mikhail"]
[Black "Goganov, Aleksey"]
[Result "0-1"]
[WhiteTitle "GM"]
[BlackTitle "GM"]
[WhiteElo "2523"]
[BlackElo "2582"]
[WhiteTeam "Gogolevsky, 14 (Moscow)"]
[BlackTeam "The Bronze Horseman (St. Petersburg)"]
[WhiteFideId "4197143"]
[BlackFideId "24109959"]
[EventDate "2021.05.01"]

1. Nf3 d5 2. g3 g6 3. Bg2 Bg7 4. d4 Nf6 5. c4 c6 6. O-O O-O 7. Qb3 Qb6 8. Nc3
Rd8 9. c5 Qxb3 10. axb3 Na6 11. h3 Nd7 12. Bg5 f6 13. Bd2 e5 14. e3 e4 15. Ne1
f5 16. Nc2 Nc7 17. Ra2 Rf8 18. b4 a6 19. Na1 Rb8 20. Nb3 Ne6 21. Rfa1 g5 22. Rf1
Bf6 23. f3 Bd8 24. fxe4 fxe4 25. Ne2 Bc7 26. Raa1 Nf6 27. Rf2 Bd7 28. Na5 Kg7
29. Raf1 h5 30. Rf5 Kg6 31. h4 Bxa5 32. bxa5 Ng4 33. Rxf8 Rxf8 34. Rxf8 Nxf8 35.
hxg5 Kxg5 36. Nf4 Nh6 37. Be1 Bg4 38. Bf2 Nf5 39. Kf1 Kf6 40. Ke1 Nh7 41. b4 Ng5
42. Kd2 Ne6 43. Ne2 Ng5 44. Nf4 Ng7 45. Bf1 N7e6 46. Bg2 Nxf4 47. exf4 Ne6 48.
Be3 Ng7 49. Ke1 Nf5 50. Kf2 Kf7 51. Bf1 Kg6 52. Bg2 h4 53. gxh4 Kh5 54. Bf1 Kxh4
55. Bg2 Bh3 56. Bh1 Kg4 57. b5 cxb5 58. Bxe4 dxe4 59. d5 b4 60. d6 Ng7 61. d7
Ne6 62. Ke2 Kf5 63. c6 bxc6 64. Bb6 Kf6 65. d8=Q+ Nxd8 66. Bxd8+ Ke6 67. Ke3 Kd5
68. Be7 c5 69. Bf8 Bf5 70. Be7 Kc4 71. Kd2 Kb5 0-1

[Event "TCh-RUS Premier 2021"]
[Site "Sochi RUS"]
[Date "2021.05.08"]
[Round "7.1"]
[Board "2"]
[White "Matlakov, Maxim"]
[Black "Oparin, Grigoriy"]
[Result "1-0"]
[WhiteTitle "GM"]
[BlackTitle "GM"]
[WhiteElo "2688"]
[BlackElo "2652"]
[WhiteTeam "The Bronze Horseman (St. Petersburg)"]
[BlackTeam "Ladya (Republic of Tatarstan)"]
[WhiteFideId "4168003"]
[BlackFideId "24125890"]
[EventDate "2021.05.01"]

1. d4 Nf6 2. c4 e6 3. Nf3 d5 4. g3 Be7 5. Bg2 O-O 6. O-O dxc4 7. Qc2 b5 8. a4 b4
9. Ne5 Qxd4 10. Bxa8 Qxe5 11. Bf4 Qh5 12. Bf3 Ng4 13. Bxg4 Qxg4 14. Qxc4 e5 15.
Qxc7 exf4 16. Qxe7 fxg3 17. Nd2 gxh2+ 18. Kh1 Be6 19. f3 Qd4 20. Ne4 Qxb2 21.
Rab1 Qe5 22. Qxb4 Nd7 23. Qe7 Bf5 24. Qxe5 Nxe5 25. Rb5 f6 26. Rb7 a5 27. Nd6
Bd7 28. Rc1 Bxa4 29. Rcc7 Bd7 30. Nc4 Bf5 31. Rxg7+ Kh8 32. Nxe5 fxe5 33. Rge7
e4 34. fxe4 Bg6 35. Ra7 1-0

[Event "TCh-RUS Premier 2021"]
[Site "Sochi RUS"]
[Date "2021.05.09"]
[Round "8.1"]
[Board "1"]
[White "Malakhov, Vladimir"]
[Black "Truskavetsky, Alexandr"]
[Result "1/2-1/2"]
[WhiteTitle "GM"]
[BlackTitle "IM"]
[WhiteElo "2665"]
[BlackElo "2387"]
[WhiteTeam "Moscow Chess Team (Moscow)"]
[BlackTeam "Cimmeria (Republic of Crimea)"]
[WhiteFideId "4120787"]
[BlackFideId "14108577"]
[EventDate "2021.05.01"]

1. Nf3 d5 2. e3 Nf6 3. c4 e6 4. Nc3 b6 5. cxd5 exd5 6. g3 Bb7 7. Bg2 Nbd7 8. O-O
Bd6 9. b3 Nc5 10. d3 a5 11. Qc2 O-O 12. Bb2 a4 13. Nxa4 Nxa4 14. bxa4 c5 15. Nh4
Bc6 16. Nf5 Bxa4 17. Qe2 Re8 18. g4 Be5 19. Bxe5 Rxe5 20. f4 Re6 21. g5 Ne8 22.
Qb2 Bc6 23. h4 Ra4 24. a3 Ba8 25. h5 h6 26. gxh6 gxh6 27. Bh3 Qf6 28. Qb3 Ra6
29. Ra2 Kf8 30. Rg2 Nd6 31. Nxd6 Rxd6 32. Kh2 Bc6 33. d4 Bd7 34. Bxd7 Rxd7 35.
Qb5 Rda7 36. dxc5 Qh4+ 37. Kg1 Qe7 38. cxb6 Qxe3+ 39. Kh2 Qxb6 40. Qxd5 Ra5 41.
Qd1 Re7 42. Qg4 Re4 43. Rc1 Rg5 44. Qc8+ Re8 45. fxg5 Rxc8 46. Rxc8+ Kg7 47.
gxh6+ Kh7 48. Rc3 Qd6+ 49. Rgg3 Qd2+ 50. Kh3 Qd7+ 51. Rg4 Qf5 52. Rg3 Qf1+ 53.
Kh2 Qe2+ 54. Rg2 Qe5+ 55. Kh1 Qa1+ 1/2-1/2

[Event "TCh-RUS Premier 2021"]
[Site "Sochi RUS"]
[Date "2021.05.10"]
[Round "9.1"]
[Board "5"]
[White "Yuffa, Daniil"]
[Black "Savchenko, Boris"]
[Result "0-1"]
[WhiteTitle "GM"]
[BlackTitle "GM"]
[WhiteElo "2587"]
[BlackElo "2538"]
[WhiteTeam "Wildberries Youth - Tyumen region"]
[BlackTeam "Gogolevsky, 14 (Moscow)"]
[WhiteFideId "24131423"]
[BlackFideId "4147332"]
[EventDate "2021.05.01"]

1. d4 e6 2. c4 d5 3. Nf3 Nf6 4. g3 dxc4 5. Bg2 Nc6 6. Qa4 Bb4+ 7. Bd2 Nd5 8.
Bxb4 Nxb4 9. O-O Rb8 10. Na3 O-O 11. Qb5 b6 12. Qxc4 Ba6 13. Nb5 Qe8 14. Rfc1
Nd5 15. Qxc6 Qxc6 16. Rxc6 Bxb5 17. Rc2 Rfc8 18. Ne5 c5 19. dxc5 Rxc5 20. Rxc5
bxc5 21. Rc1 f6 22. Bh3 Rb6 23. Nc4 Bxc4 24. Rxc4 Kf7 25. e4 Ne7 26. Rxc5 Rxb2
27. a4 Rb6 28. e5 Rc6 29. Rb5 f5 30. Bf1 Rc7 31. a5 g5 32. a6 Ng6 33. Rb7 Re7
34. Bb5 Nxe5 35. f4 gxf4 36. gxf4 Ng6 37. Bd7 Kf6 38. Kf1 h6 39. h4 h5 40. Kg1
Rg7 41. Kf1 Re7 42. Kg1 Rg7 43. Kf1 Nxf4 44. Rxa7 Rg2 45. Bb5 Ra2 46. Rd7 e5 47.
Rd6+ Ke7 48. Rd7+ Kf6 49. a7 Ra1+ 50. Kf2 Ke6 51. Bc6 Ra2+ 52. Ke3 Ra3+ 53. Kd2
e4 54. Kc2 e3 55. Kb2 Ra5 56. Rd8 Rxa7 57. Re8+ Re7 58. Rxe7+ Kxe7 59. Kc3 Kf6
60. Bb7 Kg7 61. Bc8 Ng2 62. Kd3 f4 63. Kd4 0-1

[Event "TCh-RUS Premier 2021"]
[Site "Sochi RUS"]
[Date "2021.05.10"]
[Round "9.3"]
[Board "5"]
[White "Pervakov, Sergey"]
[Black "Potkin, Vladimir"]
[Result "0-1"]
[BlackTitle "GM"]
[WhiteElo "2056"]
[BlackElo "2578"]
[WhiteTeam "Cimmeria (Republic of Crimea)"]
[BlackTeam "KPRF (Moscow)"]
[WhiteFideId "14111543"]
[BlackFideId "4131061"]
[EventDate "2021.05.01"]

1. d4 Nf6 2. Nf3 g6 3. Bf4 Bg7 4. e3 O-O 5. Be2 d6 6. h3 c5 7. c3 Qb6 8. Qb3 Be6
9. Qxb6 axb6 10. a3 Bd5 11. O-O Bc6 12. Nbd2 Rc8 13. Rfe1 Nbd7 14. Bf1 Ne4 15.
Rad1 h6 16. Nxe4 Bxe4 17. Bb5 Nf6 18. Nd2 Bc6 19. Bd3 Nd7 20. Bg3 b5 21. Nf3 e5
22. dxe5 dxe5 23. e4 c4 24. Bc2 Re8 25. Nd2 Nc5 26. Nf1 Rad8 27. f3 f6 28. Ne3
Kf7 29. Bf2 Bf8 30. Kf1 Nd3 31. Bxd3 cxd3 32. Rd2 Rd7 33. Red1 Red8 34. g4 Ke6
35. Kg2 h5 36. Nf1 hxg4 37. hxg4 Bh6 38. Be3 Bf4 39. Re1 Rh8 40. Ng3 Rdh7 41.
Bxf4 exf4 42. Nf1 Rd8 43. Rdd1 Kf7 44. Nd2 f5 45. Rh1 Rxh1 46. Rxh1 fxg4 47.
fxg4 Kf6 48. Rh3 Ke5 49. Kf3 Bxe4+ 50. Nxe4 d2 51. Nf2 d1=Q+ 52. Nxd1 Rd3+ 53.
Kg2 Rxd1 54. Rh8 Kf6 55. Kf3 Kg5 56. Rb8 Rd3+ 57. Ke2 Re3+ 58. Kf2 Kxg4 59. Rxb7
Re5 60. Ra7 f3 61. a4 Re2+ 62. Kf1 Rxb2 63. Rg7 g5 64. axb5 Kf4 65. c4 g4 66.
Rf7+ Kg3 67. Ke1 Kg2 0-1

[Event "TCh-RUS Premier 2021"]
[Site "Sochi RUS"]
[Date "2021.05.10"]
[Round "9.4"]
[Board "5"]
[White "Saveliev, Alexei"]
[Black "Grachev, Boris"]
[Result "1/2-1/2"]
[WhiteTitle "IM"]
[BlackTitle "GM"]
[WhiteElo "2372"]
[BlackElo "2619"]
[WhiteTeam "SSHOR in chess and checkers - St Pet."]
[BlackTeam "Moscow Chess Team (Moscow)"]
[WhiteFideId "24128546"]
[BlackFideId "4129199"]
[EventDate "2021.05.01"]

1. e4 e6 2. d4 d5 3. Nd2 a6 4. Ngf3 c5 5. exd5 exd5 6. dxc5 Bxc5 7. Bd3 Qe7+ 8.
Be2 Nf6 9. O-O O-O 10. Nb3 Ba7 11. Bg5 Nc6 12. Bh4 h6 13. Qd2 Qe6 14. Rad1 Ne4
15. Qxd5 Nxf2 16. Bxf2 Qxe2 17. Bxa7 Rxa7 18. Nfd4 Qe3+ 19. Kh1 Nxd4 20. Nxd4
Qe7 21. Rfe1 Qc7 22. h3 Ra8 23. c4 a5 24. c5 Ra6 25. Nb5 Qc6 26. Qd6 Qxd6 27.
Rxd6 Ra8 28. Re7 a4 29. a3 Ra5 30. Rb6 Rd8 31. Rc7 Rd1+ 32. Kh2 Be6 33. Nc3 Rd2
34. Rbxb7 Bb3 35. Ra7 Rxa7 36. Rxa7 Rxb2 37. c6 Rc2 38. c7 Rxc3 39. Ra8+ Kh7 40.
c8=Q Rxc8 41. Rxc8 Kg6 42. Kg3 Kf5 43. Re8 h5 44. h4 f6 45. Kf2 1/2-1/2